[Event "21st Open"]
[Site "Oberwart"]
[Date "1999.07.17"]
[Round "8.15"]
[White "SULYOK, Michael"]
[Black "FARAGO, Ivan"]
[Result "1-0"]
[WhiteElo "2253"]
[BlackElo "2512"]
[PlyCount "95"]
[EventDate "1999.07.17"]

1. c4 Nf6 2. Nc3 e5 3. Nf3 Nc6 4. e3 Bb4 5. Qc2 Bxc3 6. Qxc3 Qe7 7. a3 d5 8. d4
exd4 9. Nxd4 Nxd4 10. Qxd4 c5 11. Qh4 O-O 12. cxd5 Qe5 13. Bc4 b6 14. O-O Bb7
15. Qg3 Qxg3 16. hxg3 Rfd8 17. Rd1 Bxd5 18. Bxd5 Nxd5 19. Kf1 f5 20. Bd2 Rd7
21. Ke2 Rad8 22. Rac1 Kf7 23. Be1 Ke6 24. Rd2 g6 25. Rcd1 b5 26. Kf3 c4 27. g4
fxg4+ 28. Kxg4 Ke5 29. Kg5 {#} 29... Rc8 30. e4 h6+ 31. Kxh6 Rh8+ 32. Kg5 Rh5+
33. Kg4 Nf6+ 34. Kf3 Rf7 35. Ke3 Ng4+ 36. Ke2 Kf6 37. Rd6+ Kg7 38. Bc3+ Kh6 39.
f3 Ne5 40. R1d5 Nd3 41. Rxh5+ Kxh5 42. Rd5+ Kh4 43. Rxb5 g5 44. Be1+ Nxe1 45.
Kxe1 a6 46. Rc5 Rb7 47. Rxc4 Rxb2 48. e5+ 1-0

[Event "21st Open"]
[Site "Oberwart"]
[Date "1999.07.17"]
[Round "8.16"]
[White "PETSCHAR, Kurt"]
[Black "BALINOV, Ilia"]
[Result "1/2-1/2"]
[WhiteElo "2250"]
[BlackElo "2448"]
[PlyCount "115"]
[EventDate "1999.07.17"]

1. e4 c5 2. Nf3 Nc6 3. Bb5 g6 4. O-O Bg7 5. h3 e5 6. Bxc6 bxc6 7. d3 d6 8. Nbd2
f5 9. exf5 gxf5 10. Nh2 Ne7 11. f4 exf4 12. Qh5+ Ng6 13. Re1+ Kd7 14. Nc4 Qf8
15. Nf3 Kc7 16. Bd2 Bd7 17. Ba5+ Kb7 18. Bc3 Bxc3 19. bxc3 Kc7 20. Rab1 Qf6 21.
d4 cxd4 22. cxd4 Rab8 23. Rxb8 Rxb8 24. c3 Rg8 25. Rb1 Rg7 26. Na5 Bc8 27. Qh6
Re7 28. c4 Qg7 29. Qxg7 Rxg7 30. c5 dxc5 31. dxc5 Rd7 32. h4 h5 33. Re1 Rd5 34.
Nb3 Kd7 35. Nbd4 Nxh4 36. Ne5+ Kc7 37. Nexc6 Ng6 38. Ne7 Rxd4 39. Nxg6 Kd8 40.
Re7 Rd1+ 41. Kf2 Ba6 42. Re1 Rd2+ 43. Kf3 Rxa2 44. Nxf4 h4 45. Rh1 Ra3+ 46. Kf2
Bc4 47. Rxh4 a5 48. Rh5 a4 49. Rxf5 Rc3 50. Nd5 Rc2+ 51. Ke3 a3 52. c6 Bxd5 53.
Rxd5+ Kc7 54. Ra5 Rxg2 55. Kd4 a2 56. Ra6 Kd6 57. Kc4 Rc2+ 58. Kb3 {.} 1/2-1/2

[Event "21st Open"]
[Site "Oberwart"]
[Date "1999.07.17"]
[Round "8.17"]
[White "KUBA, Guenter"]
[Black "WEISS, Christian"]
[Result "1-0"]
[WhiteElo "2238"]
[BlackElo "2444"]
[PlyCount "55"]
[EventDate "1999.07.17"]

1. e4 c6 2. d4 d5 3. Nd2 g6 4. h3 Bg7 5. Ngf3 Nf6 6. e5 Ne4 7. Bd3 Bf5 8. g4
Nxd2 9. gxf5 Nxf3+ 10. Qxf3 e6 11. fxe6 fxe6 12. Qg4 Qd7 13. Bg5 c5 14. c3 cxd4
15. cxd4 Nc6 16. h4 Nb4 17. Bb5 Nc6 18. a3 Qf7 19. Rc1 Rc8 20. h5 O-O 21. Be3
Rfd8 22. Kd2 Na5 23. Rxc8 Rxc8 24. hxg6 hxg6 25. Bd3 Nc4+ 26. Ke2 Nxe3 27. fxe3
Qe8 28. Kd2 {#} 1-0

[Event "21st Open"]
[Site "Oberwart"]
[Date "1999.07.17"]
[Round "8.18"]
[White "KOSTIC, Vladimir"]
[Black "ZOEBISCH, Herbert"]
[Result "1-0"]
[WhiteElo "2402"]
[BlackElo "2283"]
[PlyCount "65"]
[EventDate "1999.07.17"]

1. d4 d5 2. c4 dxc4 3. e3 Nf6 4. Bxc4 e6 5. Nf3 c5 6. O-O a6 7. Qe2 b5 8. Bd3
cxd4 9. Rd1 Nbd7 10. Nxd4 Bb7 11. e4 Qb8 12. a4 b4 13. Nd2 Bd6 14. g3 O-O 15.
Nc4 Bc5 16. Nb3 Be7 17. Bf4 e5 18. Bg5 h6 19. Be3 Rc8 20. f3 Rc7 21. Rac1 Bc6
22. Ra1 Bb7 23. Rdc1 Qd8 24. Nca5 Rxc1+ 25. Rxc1 Bc8 26. Nc6 Qe8 27. Nxe7+ Qxe7
28. Na5 Nf8 29. Nc4 N6d7 30. Qd1 Ne6 31. Bf1 Nec5 32. Nd6 a5 33. Qd5 {#} 1-0

[Event "21st Open"]
[Site "Oberwart"]
[Date "1999.07.17"]
[Round "8.19"]
[White "LENDWAI, Reinhard"]
[Black "LAKOS, Nikoletta"]
[Result "1/2-1/2"]
[WhiteElo "2371"]
[BlackElo "2335"]
[PlyCount "24"]
[EventDate "1999.07.17"]

1. d4 Nf6 2. Nf3 g6 3. c3 Bg7 4. Bf4 d6 5. e3 O-O 6. Nbd2 Nh5 7. Bc4 Nxf4 8.
exf4 Bh6 9. g3 c6 10. h4 Bg4 11. Qc2 Bf5 12. Bd3 Qa5 {.} 1/2-1/2

[Event "21st Open"]
[Site "Oberwart"]
[Date "1999.07.17"]
[Round "8.20"]
[White "SOMOGYI, Istvan"]
[Black "JURKOVIC, Hrvoje"]
[Result "0-1"]
[WhiteElo "2238"]
[BlackElo "2370"]
[PlyCount "25"]
[EventDate "1999.07.17"]

1. d4 d5 2. Nf3 Nc6 3. Bf4 Bg4 4. e3 f6 5. Be2 Bxf3 6. Bxf3 e5 7. Bg3 e4 8. Be2
f5 9. c4 Nf6 10. Nc3 Bb4 11. Qb3 Bxc3+ 12. bxc3 Na5 13. cxd5 {#} 0-1

[Event "21st Open"]
[Site "Oberwart"]
[Date "1999.07.17"]
[Round "8.21"]
[White "GAERTNER, Guntram"]
[Black "FUCHS, Georg"]
[Result "1-0"]
[WhiteElo "2336"]
[BlackElo "2194"]
[PlyCount "105"]
[EventDate "1999.07.17"]

1. b3 d5 2. Bb2 c5 3. e3 Nf6 4. Nf3 Bg4 5. h3 Bh5 6. Be2 e6 7. Ne5 Bxe2 8. Qxe2
Nbd7 9. Nxd7 Qxd7 10. d3 Be7 11. Nd2 O-O 12. Nf3 b5 13. Ne5 Qc7 14. O-O Rfc8
15. c4 dxc4 16. dxc4 b4 17. Rad1 a5 18. Nd3 a4 19. Qf3 axb3 20. axb3 Qc6 21.
Qxc6 Rxc6 22. f3 Rc7 23. Ra1 Rd8 24. Rfd1 Rcd7 25. Nf2 Rxd1+ 26. Rxd1 Rxd1+ 27.
Nxd1 Ne8 28. Kf1 f6 29. Ke2 Nd6 30. e4 Nb7 31. Kd3 Na5 32. Kc2 Kf7 33. f4 Bd6
34. f5 exf5 35. exf5 Nc6 36. Nf2 Be7 37. g4 Na5 38. Ne4 Nc6 39. Kd3 Na5 40. Nd2
Ke8 41. Kc2 Kf7 42. Kd3 Ke8 43. Ke4 Bd6 44. Kd5 Bf4 45. Ne4 Nxb3 46. Nxc5 Bc1
47. Nxb3 Bxb2 48. Kc6 Ke7 49. c5 Be5 50. Kb5 Bc3 51. Kc4 Kd7 52. Nc1 Kc6 53.
Nd3 {#} 1-0

[Event "21st Open"]
[Site "Oberwart"]
[Date "1999.07.17"]
[Round "8.22"]
[White "KORPICS, Zsolt"]
[Black "STANKA, Wolfgang"]
[Result "1-0"]
[WhiteElo "2310"]
[BlackElo "2118"]
[PlyCount "51"]
[EventDate "1999.07.17"]

1. d4 Nf6 2. Nf3 d5 3. c4 c6 4. e3 e6 5. Nc3 Nbd7 6. Qc2 Bb4 7. Bd3 c5 8. cxd5
exd5 9. b3 cxd4 10. Nxd4 Ne5 11. O-O O-O 12. Bb2 Bg4 13. Bf5 g6 14. Bxg4 Nexg4
15. h3 Ne5 16. a3 Be7 17. Rfd1 Rc8 18. Qe2 {#} 18... Qb6 19. Qb5 Qd6 20. Qxb7
Rb8 21. Qxa7 Ra8 22. Ndb5 Nf3+ 23. gxf3 Qe6 24. Qd4 Qxh3 25. Nxd5 Qxf3 26.
Nxe7+ 1-0

[Event "21st Open"]
[Site "Oberwart"]
[Date "1999.07.17"]
[Round "8.23"]
[White "ZELENIKA, Srdjan"]
[Black "PINGITZER, Harald"]
[Result "0-1"]
[WhiteElo "2286"]
[BlackElo "2308"]
[PlyCount "215"]
[EventDate "1999.07.17"]

1. Nf3 d5 2. g3 Nf6 3. Bg2 g6 4. O-O Bg7 5. d3 O-O 6. c3 b6 7. Nbd2 Bb7 8. Qc2
c5 9. Re1 Nc6 10. e4 e5 11. exd5 Qxd5 12. Ne4 Ne8 13. Nh4 Qd7 14. Be3 h6 15.
Qa4 g5 16. Bxc5 gxh4 17. Bxf8 Kxf8 18. gxh4 Qg4 19. Re3 f5 20. Qa3+ Ne7 21. Rg3
Qxh4 22. Rh3 Qg4 23. Rg3 Qh5 24. Rxg7 Nxg7 25. Ng3 Qg4 26. Bxb7 Rd8 27. Bg2
Rxd3 28. Qxa7 f4 29. Qb8+ Kf7 {#} 30. Qxe5 fxg3 31. fxg3 Ngf5 32. Rf1 Rd1 33.
Rxd1 Qxd1+ 34. Bf1 Qb1 35. Qe2 Qxa2 36. g4 Ng7 37. Qf2+ Kg8 38. Qxb6 Qd5 39.
Qc7 Nc6 40. Qf4 Ne5 41. Kf2 Ne6 42. Qf5 Qc5+ 43. Ke2 Ng5 44. Bg2 Qb5+ 45. Kd1
Qa4+ 46. Kc1 Nxg4 47. Qc8+ Kg7 48. Qc7+ Kf6 49. Qd8+ Kf5 50. Qd3+ Ke5 51. Qd5+
Kf6 52. Qd8+ Kg7 53. Qc7+ Nf7 54. Qg3 Kf8 55. Qb8+ Ke7 56. Qc7+ Kf6 57. Qg3
Nge5 58. h3 Qc4 59. Kc2 Nd6 60. Qe3 Nf5 61. Qd2 Kg6 62. b3 Qh4 63. Kb2 Kg7 64.
Bf1 Qe4 65. Qg2+ Qxg2+ 66. Bxg2 Nd3+ 67. Ka3 Nf4 68. Bf3 Kf6 69. b4 Nxh3 70. b5
Nd6 71. Kb4 Ke7 72. c4 Nf4 73. b6 Nd3+ 74. Kc3 Nc5 75. Kd4 Ne6+ 76. Kd5 Nb7 77.
Ke5 Nec5 78. Kd5 Nd7 79. Kd4 Nbc5 80. Kd5 Ne6 81. b7 Nc7+ 82. Kc6 Kd8 83. c5
Ne8 84. Bd5 Nb8+ 85. Kb6 Nf6 86. Bf3 Nfd7+ 87. Kb5 Kc7 88. Kc4 Ne5+ 89. Kd5
Nxf3 90. Ke4 Ng5+ 91. Kf5 Nf7 92. Kg6 Kxb7 93. Kh5 Kc6 94. Kh4 Kxc5 95. Kh3 Kd4
96. Kh4 Ke5 97. Kh3 Kf5 98. Kh4 Kg6 99. Kh3 h5 100. Kh4 Nh6 101. Kh3 Nf5 102.
Kh2 Kg5 103. Kh3 h4 104. Kh2 Kg4 105. Kg2 h3+ 106. Kh2 Nd4 107. Kh1 Kg3 108.
Kg1 0-1

[Event "21st Open"]
[Site "Oberwart"]
[Date "1999.07.17"]
[Round "8.25"]
[White "TSCHOHL, Christof"]
[Black "NEUSSNER, Siegfried"]
[Result "1/2-1/2"]
[WhiteElo "2117"]
[BlackElo "2190"]
[PlyCount "28"]
[EventDate "1999.07.17"]

1. e4 e5 2. Nf3 Nc6 3. Bb5 a6 4. Ba4 Nf6 5. O-O Be7 6. Re1 b5 7. Bb3 d6 8. h3
O-O 9. c3 Na5 10. Bc2 c5 11. d4 Qc7 12. Nbd2 cxd4 13. cxd4 Nc6 14. Nf1 exd4 {.}
1/2-1/2

[Event "21st Open"]
[Site "Oberwart"]
[Date "1999.07.17"]
[Round "8.26"]
[White "KLEISER, Gregor"]
[Black "KOVACS, Gabor"]
[Result "1-0"]
[WhiteElo "2157"]
[BlackElo "2331"]
[PlyCount "63"]
[EventDate "1999.07.17"]

1. e4 c5 2. Nf3 e6 3. d4 cxd4 4. Nxd4 Nc6 5. Nc3 Qc7 6. Be2 a6 7. O-O Nf6 8.
Be3 d6 9. f4 Be7 10. Bf3 O-O 11. a4 Re8 12. Kh1 Rb8 13. Qe1 Na5 14. Bg1 e5 15.
Nf5 Bf8 16. Qf2 b6 17. Ne3 Bb7 18. fxe5 dxe5 19. Nf5 Ba8 20. Qh4 Kh8 21. Be2
Re6 22. Rad1 Nc4 23. Rd3 {#} 23... Nd6 24. Nxd6 Rxd6 25. Rh3 h6 26. Bxa6 Qe7
27. Bd3 Bb7 28. Be3 Bc8 29. Rhf3 Qd8 30. Nb5 Rxd3 31. cxd3 Be7 32. Bxh6 1-0

[Event "21st Open"]
[Site "Oberwart"]
[Date "1999.07.17"]
[Round "8.28"]
[White "STEINERT, Martin"]
[Black "STRAUSS, Anton"]
[Result "1-0"]
[WhiteElo "2142"]
[BlackElo "2267"]
[PlyCount "55"]
[EventDate "1999.07.17"]

1. d4 Nf6 2. Nf3 c5 3. e3 d5 4. c4 e6 5. Nc3 Nc6 6. cxd5 exd5 7. Be2 Bd6 8. O-O
O-O 9. Nb5 Be7 10. dxc5 Bxc5 11. b3 Ne4 12. Bb2 Bg4 13. Nbd4 Qb6 14. Nxc6 bxc6
15. Nd4 Bxe2 16. Qxe2 Bxd4 17. Bxd4 c5 18. Bb2 Rfe8 19. Rad1 Rad8 20. f3 Nf6
21. Qd2 h6 22. Rfe1 Re6 23. Bc3 Rd7 24. b4 cxb4 25. Bxb4 d4 26. Ba5 {#} 26...
Qd6 27. exd4 Qxd4+ 28. Qxd4 1-0

[Event "21st Open"]
[Site "Oberwart"]
[Date "1999.07.17"]
[Round "8.29"]
[White "NIELSEN, Max"]
[Black "VODEP, Otto"]
[Result "1-0"]
[WhiteElo "2256"]
[BlackElo "2122"]
[PlyCount "129"]
[EventDate "1999.07.17"]

1. e4 e6 2. d4 d5 3. Nc3 Bb4 4. e5 b6 5. Qg4 Bf8 6. Bb5+ c6 7. Ba4 Ne7 8. h4 h5
9. Qd1 Nf5 10. Nf3 Ba6 11. Bg5 Qc7 12. Ne2 Nd7 13. O-O f6 14. Bf4 fxe5 15. Bxe5
Bd6 16. Bxd6 Qxd6 17. Re1 O-O-O 18. Qd2 Rdf8 19. c3 Nh6 20. Ng3 Nf5 21. Nxf5
Rxf5 22. Bc2 Rf6 23. Qg5 Qf8 24. a4 Rhh6 25. a5 b5 26. Qg3 Rf4 27. Ng5 Rg4 28.
Qe3 Rxh4 29. g3 Rg4 30. Bd1 {#} 30... Rxg5 31. Qxg5 Rf6 32. Qe3 g6 33. b4 Kc7
34. Be2 Bc8 35. Bf1 Qf7 36. Bg2 a6 37. Qd2 Nf8 38. Re5 Nh7 39. Rae1 Bd7 40. Qe2
Nf8 41. Re3 Kb8 42. Rf3 Rxf3 43. Qxf3 Qxf3 44. Bxf3 Kc7 45. Kg2 Kd6 46. g4 hxg4
47. Bxg4 Ke7 48. Kg3 Kf6 49. Re3 Nh7 50. Rf3+ Ke7 51. Re3 Kf6 52. Re1 Ng5 53.
f3 Nf7 54. Rh1 Kg7 55. Kf4 Bc8 56. Bh3 Bd7 57. Bf1 Be8 58. Bd3 Kf6 59. Rh7 Bd7
60. Rh1 Be8 61. Rg1 e5+ 62. Ke3 g5 63. dxe5+ Nxe5 64. Be2 Bh5 65. Rh1 1-0

[Event "21st Open"]
[Site "Oberwart"]
[Date "1999.07.17"]
[Round "8.30"]
[White "BURSCHOWSKY, Matthias"]
[Black "IVANCSICS, Michael"]
[Result "0-1"]
[WhiteElo "2129"]
[BlackElo "2248"]
[PlyCount "44"]
[EventDate "1999.07.17"]

1. d4 g6 2. c3 d5 3. Bf4 Bg7 4. Nd2 Nf6 5. e3 O-O 6. Bd3 b6 7. b4 c5 8. Ne2
Nbd7 9. O-O e5 10. dxe5 Ng4 11. Rc1 Ngxe5 12. Bb1 Ba6 13. Nf3 Nxf3+ 14. gxf3
Ne5 15. Bxe5 Bxe5 16. f4 Bd6 17. Bd3 Bb7 18. bxc5 bxc5 19. c4 d4 20. e4 Qh4 21.
Rb1 Bc6 22. e5 Bf3 {#} 0-1

[Event "21st Open"]
[Site "Oberwart"]
[Date "1999.08.18"]
[Round "9.1"]
[White "LERNER, Konstantin"]
[Black "MALAKHOV, Vladimir"]
[Result "1/2-1/2"]
[WhiteElo "2588"]
[BlackElo "2570"]
[PlyCount "127"]
[EventDate "1999.08.18"]

1. d4 d5 2. c4 e6 3. Nf3 c6 4. Qc2 Nf6 5. Bg5 Nbd7 6. cxd5 exd5 7. Nc3 Be7 8.
e3 O-O 9. Bd3 Re8 10. h3 Nf8 11. O-O Ng6 12. Bxf6 Bxf6 13. b4 Qd6 14. Rab1 a6
15. Rfc1 Bd8 16. Bf5 Bc7 17. Na4 Bxf5 18. Qxf5 Re7 19. Nc5 Bd8 20. a4 b6 21.
Nd3 f6 22. h4 Rf7 23. h5 Ne7 24. Qg4 Bc7 25. g3 Rd8 26. Rc2 Qd7 27. Qxd7 Rxd7
28. a5 Rf8 29. Nd2 Ra8 30. axb6 Bxb6 31. Nb3 Rb7 32. Ra1 Rba7 33. Rca2 Kf7 34.
Ndc5 f5 35. Kg2 Kf6 36. f4 Ng8 37. Rc2 Ne7 38. Kf3 Kf7 39. Rca2 Ng8 40. Rc2
Bxc5 41. Rxc5 Ne7 42. Nc1 Ke6 43. Nd3 Kd6 44. Rca5 Kc7 45. g4 fxg4+ 46. Kxg4
Ng8 47. Ne5 Kb6 48. Rc1 Rc7 49. Kf3 Nf6 50. Rh1 h6 51. Nd3 Re8 52. Nc5 Ra7 53.
Rh2 Rf8 54. Na4+ Kb7 55. Nc3 Re8 56. Rh1 Kb6 57. Ra3 Kb7 58. Na4 Kc7 59. Nc5
Kb6 60. Ra2 Kb5 61. Nd3 Kb6 62. Ne5 Rc7 63. Rc2 Kb5 64. Rc5+ {.} 1/2-1/2

[Event "21st Open"]
[Site "Oberwart"]
[Date "1999.08.18"]
[Round "9.3"]
[White "ULYBIN, Mikhail"]
[Black "GALKIN, Alexander"]
[Result "1-0"]
[WhiteElo "2562"]
[BlackElo "2535"]
[PlyCount "85"]
[EventDate "1999.08.18"]

1. d4 d5 2. c4 e6 3. Nf3 c6 4. Qc2 dxc4 5. Qxc4 Nf6 6. Bg5 b5 7. Qc2 Bb7 8. e4
Nbd7 9. Bd3 a6 10. a4 h6 11. Bh4 Rc8 12. Nbd2 Qb6 13. O-O c5 14. a5 Qd8 15. e5
g5 16. Bg3 cxd4 17. Qd1 Nh5 18. Be4 Bxe4 19. Nxe4 Nc5 20. Nfd2 Nxg3 21. Nf6+
Ke7 22. fxg3 Bg7 23. Qf3 Rf8 24. Rac1 d3 25. Nb3 Nd7 26. Nd4 {#} 26... Bxf6 27.
exf6+ Ke8 28. Nf5 Nc5 29. Ng7+ Kd7 30. b4 d2 {#} 31. Rxc5 Rxc5 32. bxc5 Qc7 33.
Qd3+ Kc8 34. Qxd2 Qxc5+ 35. Kh1 Rd8 36. Qe2 Qc3 37. h3 Qxg3 38. Qe4 Kb8 39. Rc1
Qa3 40. Qe5+ Ka8 41. Qc7 Qd6 42. Qxf7 Qf4 43. Rg1 1-0

[Event "21st Open"]
[Site "Oberwart"]
[Date "1999.08.18"]
[Round "9.4"]
[White "EINGORN, Vereslav"]
[Black "MARTINOVIC, Slobodan"]
[Result "1-0"]
[WhiteElo "2589"]
[BlackElo "2445"]
[PlyCount "143"]
[EventDate "1999.08.18"]

1. c4 Nf6 2. Nc3 g6 3. e4 d6 4. d4 Bg7 5. Be2 O-O 6. Nf3 e5 7. O-O exd4 8. Nxd4
Re8 9. f3 c6 10. Kh1 Nbd7 11. Bg5 Qb6 12. Nb3 a5 13. Qd2 a4 14. Be3 Qc7 15. Nd4
Ne5 16. Rfd1 Qa5 17. Rac1 Be6 18. Nxe6 Rxe6 19. Qc2 Ned7 20. Bf1 Nc5 21. Rb1
Nfd7 22. Bd2 Qd8 23. Ne2 Ne5 24. Be3 Qf8 25. Nc3 Bh6 26. Bf2 Bg5 27. Ne2 Qh6
28. Nd4 Rf6 29. Bg1 Be3 30. b4 axb3 31. axb3 Bxg1 32. Kxg1 Qe3+ 33. Kh1 Ng4 34.
Rd2 Nxe4 35. Qxe4 Qxd2 36. fxg4 Rf4 37. Nf3 Rxe4 38. Nxd2 Rxg4 39. Kg1 Ra2 40.
Nf3 Re4 41. Rd1 Re6 42. b4 h6 43. b5 c5 44. Bd3 Kf8 45. h4 h5 46. Kh2 Kg7 47.
Kg3 f6 48. Bf1 Kh6 49. Kf4 b6 50. Kg3 Kg7 51. Ng1 Kf7 52. Nh3 Re3+ 53. Kh2 Re6
54. Bd3 Re5 55. Nf4 g5 56. Nd5 gxh4 57. Rf1 {#} 57... Rg5 58. Be4 Re2 59. Nxf6
Ke6 60. Bd5+ Ke7 61. Bf3 Rb2 62. Nd5+ Ke6 63. Nxb6 Ke5 64. Nd7+ Kd4 65. Rc1 Rg7
66. Nb6 Rg3 67. Rd1+ Ke5 68. Bc6 Ra3 69. Nd7+ Kf4 70. b6 Rab3 71. Rf1+ Kg5 72.
Rf3 1-0

[Event "21st Open"]
[Site "Oberwart"]
[Date "1999.08.18"]
[Round "9.5"]
[White "BURMAKIN, Vladimir"]
[Black "KOUTSIN, Sergej"]
[Result "1/2-1/2"]
[WhiteElo "2579"]
[BlackElo "2415"]
[PlyCount "90"]
[EventDate "1999.08.18"]

1. d4 d5 2. c4 e6 3. Nf3 Nf6 4. g3 dxc4 5. Qa4+ Nbd7 6. Bg2 a6 7. Nc3 Be7 8.
Ne5 O-O 9. Nxd7 Qxd7 10. Qxc4 b5 11. Qd3 Rb8 12. O-O Bb7 13. Bxb7 Rxb7 14. Be3
Rc8 15. Ne4 Qd5 16. f3 e5 17. Nc3 Qe6 18. d5 Qd6 19. f4 b4 20. Ne4 Nxe4 21.
Qxe4 Rb5 22. Rfd1 exf4 23. Bxf4 Qd7 24. Rac1 Rc5 25. Kg2 Re8 26. Qf3 Rxc1 27.
Rxc1 Bd6 28. Bxd6 cxd6 29. Rc6 a5 30. b3 h6 31. e4 Re5 32. h4 Qe7 33. Rc4 h5
34. Qf4 Kh7 35. Qf3 g6 36. Kh2 Kg7 37. Kg2 Kh7 38. Kh2 Kg7 39. Kg2 Kh7 40. Kh2
Kg7 41. Kg2 Qa7 42. Qf2 Qe7 43. Qf3 Kh7 44. Kh2 Kg7 45. Kg2 Kh7 {.} 1/2-1/2

[Event "21st Open"]
[Site "Oberwart"]
[Date "1999.08.18"]
[Round "9.6"]
[White "BAUMEGGER, Siegfried"]
[Black "GLEIZEROV, Evgeny"]
[Result "0-1"]
[WhiteElo "2409"]
[BlackElo "2520"]
[PlyCount "62"]
[EventDate "1999.08.18"]

1. d4 e6 2. Nf3 f5 3. c4 Nf6 4. Nc3 Bb4 5. Qb3 Qe7 6. g3 b6 7. Bg2 Bb7 8. O-O
Bxc3 9. Qxc3 d6 10. Bg5 Nbd7 11. Rad1 Ne4 12. Qc1 Qf7 13. d5 exd5 14. cxd5 O-O
15. Bf4 Ndf6 16. Ng5 Nxg5 17. Bxg5 Ne4 18. Bxe4 fxe4 19. Qc4 Rae8 20. Bf4 Re7
21. Rd2 Qg6 22. e3 Qf5 23. h4 h6 24. Qe2 Bxd5 25. Qb5 c6 26. Qb4 Rd7 27. Rfd1
g5 28. hxg5 hxg5 29. Bxd6 Rfd8 30. g4 Qxg4+ 31. Bg3 Rh7 {#} 0-1

[Event "21st Open"]
[Site "Oberwart"]
[Date "1999.08.18"]
[Round "9.7"]
[White "KUPREICHIK, Viktor"]
[Black "STANEC, Nikolaus"]
[Result "0-1"]
[WhiteElo "2429"]
[BlackElo "2477"]
[PlyCount "54"]
[EventDate "1999.08.18"]

1. e4 c5 2. Nc3 Nc6 3. Nf3 g6 4. d4 cxd4 5. Nxd4 Bg7 6. Be3 Nf6 7. Be2 O-O 8.
Nb3 d6 9. O-O Be6 10. f4 Qc8 11. Kh1 Bg4 12. Bxg4 Qxg4 13. Qe1 b5 14. Bd2 b4
15. Nd5 Nxd5 16. exd5 Nd4 17. Rc1 Rac8 18. c4 bxc3 19. bxc3 Ne2 20. Rc2 Rc4 {#}
21. h3 Ng3+ 22. Kg1 Qf5 23. Na5 Nxf1 24. Nxc4 Qxc2 25. Qxf1 Rc8 26. Be1 Bxc3
27. Na3 Qc1 0-1

[Event "21st Open"]
[Site "Oberwart"]
[Date "1999.08.18"]
[Round "9.8"]
[White "WITTMANN, Walter"]
[Black "GOLUBOVIC, Boris"]
[Result "0-1"]
[WhiteElo "2364"]
[BlackElo "2457"]
[PlyCount "84"]
[EventDate "1999.08.18"]

1. e4 d5 2. exd5 Qxd5 3. Nc3 Qa5 4. d4 Nf6 5. Bc4 Bg4 6. f3 Bf5 7. Nge2 Nc6 8.
Bd2 O-O-O 9. Nd5 Qa4 10. Ne3 Bg6 11. Nc3 Qa5 12. Ncd5 Nxd5 13. Bxd5 Qb6 14. c3
e5 15. Bxc6 Qxc6 16. d5 Qa6 17. b4 f5 {#} 18. a4 f4 19. Ng4 Rxd5 20. Qb3 Qd3
21. O-O-O Bxb4 22. Kb2 Rhd8 23. cxb4 Qxb3+ 24. Kxb3 Rxd2 25. Rxd2 Rxd2 26. Nxe5
Rxg2 27. h4 Bc2+ 28. Ka3 Re2 29. Nc4 Bd3 30. Kb3 Bxc4+ 31. Kxc4 Re3 32. Rg1 g6
33. h5 Rxf3 34. hxg6 hxg6 35. Rxg6 b6 36. a5 Kb7 37. Kb5 a6+ 38. Kc4 bxa5 39.
bxa5 Rf1 40. Rf6 f3 41. Kb3 f2 42. Kb2 c5 0-1

[Event "21st Open"]
[Site "Oberwart"]
[Date "1999.08.18"]
[Round "9.9"]
[White "GLADYSZEV, Oleg"]
[Black "DVOIRYS, Semen"]
[Result "0-1"]
[WhiteElo "2329"]
[BlackElo "2590"]
[PlyCount "120"]
[EventDate "1999.08.18"]

1. d4 Nf6 2. c4 g6 3. Nc3 d5 4. cxd5 Nxd5 5. Bd2 Nb6 6. Bg5 Bg7 7. e3 c5 8.
Bb5+ Nc6 9. dxc5 Nd7 10. Nf3 h6 11. Bh4 O-O 12. Nd4 Nxc5 13. Nxc6 bxc6 14. Qxd8
Rxd8 15. Bxe7 cxb5 16. Bxc5 Be6 17. O-O Rd2 18. a4 b4 19. Bxb4 Rxb2 20. Ba5 a6
21. Rab1 Rxb1 22. Rxb1 Rc8 23. Rc1 Bb3 24. Ne2 Rxc1+ 25. Nxc1 Bxa4 26. Kf1 Kf8
27. Ke2 Ke7 28. Kd3 Bb5+ 29. Kc2 Bf1 30. g3 Ke6 31. Nb3 Kd5 32. e4+ Kc6 33. f4
Kb5 34. e5 Bf8 35. Bc3 Bh3 36. Kd3 Bf5+ 37. Kd4 Be6 38. Nd2 Bc5+ 39. Ke4 {#}
39... a5 40. Bb2 a4 41. Ba1 a3 42. Nf3 Kc4 43. Nd2+ Kb4 44. Nf3 a2 45. Nd4 Bg4
46. Kd5 Bf8 47. Nc2+ Ka4 48. Kc4 Be6+ 49. Kc3 Bc5 50. Nd4 Bh3 51. Ne2 Bf2 52.
Kb2 Kb4 53. Kxa2 Kc4 54. Kb1 Kd3 55. Nc1+ Ke4 {#} 56. Kc2 Bg1 57. Nd3 Bf1 58.
Nb4 Bxh2 59. e6 fxe6 60. Be5 Bxg3 0-1

[Event "21st Open"]
[Site "Oberwart"]
[Date "1999.08.18"]
[Round "9.10"]
[White "LOGINOV, Valery"]
[Black "KORPICS, Zsolt"]
[Result "1-0"]
[WhiteElo "2530"]
[BlackElo "2310"]
[PlyCount "121"]
[EventDate "1999.08.18"]

1. Nf3 Nf6 2. g3 g6 3. Bg2 Bg7 4. c4 O-O 5. d4 d5 6. cxd5 Nxd5 7. O-O Nb6 8.
Nc3 Nc6 9. e3 e5 10. d5 Ne7 11. e4 Bg4 12. Qb3 c6 13. Nh4 cxd5 14. exd5 Nec8
15. h3 Bh5 16. a4 Nd6 17. a5 Nbc4 18. a6 b6 19. Ra4 Rc8 20. Re1 f5 21. Bf1 Na5
22. Qa2 g5 23. Ng2 Be8 24. Rb4 Qf6 25. Bd2 Rf7 26. f4 gxf4 27. gxf4 e4 28. Nd1
Qh6 29. Re3 Rfc7 30. Rg3 Kh8 31. Nde3 Bf6 32. Bc3 Bxc3 33. bxc3 Rg7 34. Rxg7
Qxg7 35. c4 Qc3 36. Rb2 Qd4 37. Re2 Qc3 38. Rc2 Qd4 39. Kh2 Bd7 40. Qa3 Rc5 41.
Qb4 Bc8 42. Nh4 Qf6 43. Rg2 Bd7 44. Be2 Rc8 45. Rg3 Rc5 46. Qe1 Rc8 {#} 47. Qg1
Nf7 48. Nhxf5 Nb3 49. Qd1 Bxf5 50. Qxb3 Bg6 51. Bg4 Rg8 52. f5 Ne5 53. fxg6
Rxg6 54. Ng2 Nxg4+ 55. Rxg4 Rxg4 56. hxg4 Qh6+ 57. Qh3 Qd6+ 58. Qg3 Qh6+ 59.
Qh4 Qd6+ 60. Kh3 Qa3+ 61. Qg3 1-0

[Event "21st Open"]
[Site "Oberwart"]
[Date "1999.08.18"]
[Round "9.11"]
[White "RUCK, Robert"]
[Black "SULYOK, Michael"]
[Result "1/2-1/2"]
[WhiteElo "2485"]
[BlackElo "2253"]
[PlyCount "86"]
[EventDate "1999.08.18"]

1. c4 c5 2. g3 g6 3. Bg2 Bg7 4. Nc3 Nc6 5. Nf3 e6 6. h4 Nge7 7. h5 d5 8. cxd5
exd5 9. d3 Be6 10. Ng5 Qd7 11. Nxe6 fxe6 12. Bf4 O-O 13. Qd2 Nd4 14. e4 Rf7 15.
O-O-O b5 16. exd5 exd5 17. hxg6 hxg6 18. Kb1 b4 19. Ne2 Nec6 20. Nxd4 Nxd4 21.
Bh6 Bf6 22. Be3 {#} 22... Rd8 23. Rh6 Rg7 24. Rdh1 Kf7 25. Bg5 Qf5 26. Bxf6
Qxf6 27. Rh8 Rxh8 28. Bxd5+ Ke7 29. Rxh8 Kd6 30. Be4 Rf7 {#} 31. Rh6 Qxf2 32.
Rxg6+ Kc7 33. Qxf2 Rxf2 34. Kc1 Rf1+ 35. Kd2 Rf2+ 36. Ke3 Rxb2 37. Ra6 Kb8 38.
g4 Nb5 39. g5 Nc3 40. g6 Nxe4 41. Kxe4 Kb7 42. Rf6 Rxa2 43. Kf3 Ra1 1/2-1/2

[Event "21st Open"]
[Site "Oberwart"]
[Date "1999.08.18"]
[Round "9.12"]
[White "PINGITZER, Harald"]
[Black "ZIMMERMAN, Yuri"]
[Result "1/2-1/2"]
[WhiteElo "2308"]
[BlackElo "2440"]
[PlyCount "113"]
[EventDate "1999.08.18"]

1. d4 g6 2. Nf3 Bg7 3. g3 Nf6 4. Bg2 O-O 5. O-O d6 6. b3 Nbd7 7. Bb2 c6 8. c4
Qc7 9. Nc3 e5 10. Qd2 Re8 11. e4 Nf8 12. h3 N6d7 13. Rfe1 Ne6 14. d5 Nd4 15.
dxc6 bxc6 16. Na4 c5 17. Nc3 Bb7 18. Nd5 Bxd5 19. cxd5 Qb6 20. Qd3 a5 21. Nd2
a4 22. Nc4 Qb5 23. Bf1 Bf8 24. Qd1 Qb4 25. Re3 axb3 26. Bxd4 cxd4 27. Rxb3 Qa4
28. Nb2 Qa7 29. Bb5 Rec8 30. Bc6 Rab8 31. Bxd7 Qxd7 32. Kg2 f5 33. f3 fxe4 34.
fxe4 Rxb3 35. axb3 Rc3 36. Nc4 h5 37. Rc1 Qb5 38. Rxc3 dxc3 39. Qc2 Qb4 40. Kf3
Bh6 41. Ke2 Bd2 42. Nxd2 cxd2 43. Qc4 Qb6 44. h4 Qg1 45. Kxd2 Qf2+ 46. Kc1 Qxg3
47. Qc8+ Kh7 48. Qd7+ Kh6 49. Qxd6 Qc3+ 50. Kb1 Qxb3+ 51. Ka1 Qa4+ 52. Kb2 Qd4+
53. Ka2 Qc4+ 54. Ka3 Qd3+ 55. Ka2 Qe2+ 56. Kb3 Qf3+ 57. Ka2 {.} 1/2-1/2

[Event "21st Open"]
[Site "Oberwart"]
[Date "1999.08.18"]
[Round "9.13"]
[White "POSTL, Anton"]
[Black "KOSTIC, Vladimir"]
[Result "1-0"]
[WhiteElo "2303"]
[BlackElo "2402"]
[PlyCount "63"]
[EventDate "1999.08.18"]

1. d4 Nf6 2. c4 e6 3. Nf3 b6 4. g3 Ba6 5. b3 Bb4+ 6. Bd2 Be7 7. Bg2 d5 8. Ne5
c6 9. Bc3 O-O 10. Nd2 Nfd7 11. Nxd7 Nxd7 12. O-O Nf6 13. e4 Rc8 14. Re1 Bb7 15.
Qe2 a5 16. e5 Ne8 17. Nf1 Ba6 18. Red1 Nc7 19. Qb2 Rb8 20. Ne3 Qd7 21. Bf1 Rfc8
22. Qd2 Qe8 23. h4 Rd8 24. Ng4 c5 25. Qf4 cxd4 26. Bxd4 dxc4 27. Nf6+ Bxf6 28.
exf6 {#} 28... Nd5 29. Qg5 g6 30. bxc4 Nb4 31. Bxb6 Rxb6 32. Qh6 {#} 1-0